Islands of eight million smiles (Record no. 1319091)

MARC details
000 -LEADER
fixed length control field 00561nam a2200193Ia 4500
005 - DATE AND TIME OF LATEST TRANSACTION
control field 20250507130333.0
008 - FIXED-LENGTH DATA ELEMENTS--GENERAL INFORMATION
fixed length control field 008 250505s9999 xx 000 0 eng d
020 ## - INTERNATIONAL STANDARD BOOK NUMBER
International Standard Book Number 9780674017733
037 ## - SOURCE OF ACQUISITION
Stock number Annuals, Advances
040 ## - CATALOGING SOURCE
Original cataloging agency EASL
Language of cataloging eng
Transcribing agency EASL
041 ## - LANGUAGE CODE
Language code of text/sound track or separate title eng
Source of code eng
084 ## - COLON CLASSIFICATION NUMBER
Classification number NR.42, P5
Assigning agency EASL
100 ## - MAIN ENTRY--PERSONAL NAME
Personal name Aoyagi Hiroshi Au.
9 (RLIN) 665023
245 #0 - TITLE STATEMENT
Title Islands of eight million smiles
260 ## - PUBLICATION, DISTRIBUTION, ETC.
Place of publication, distribution, etc. UK
Name of publisher, distributor, etc. london Hardward University press
Date of publication, distribution, etc. 2005
300 ## - PHYSICAL DESCRIPTION
Extent xvi,290p.
942 ## - ADDED ENTRY ELEMENTS (KOHA)
Koha item type Textual
Classification part NR.42, P5

No items available.

Copyright @ Delhi University Library System